Statistics for Largest Cities in the European Union

Click here to take the quiz!

General Stats

  • This quiz has been taken 86 times
  • The average score is 38 of 43

Answer Stats

CountryCityPopulation (millions)% Correct
GermanyBerlin4.8
100%
BelgiumBrussels2.7
100%
FranceParis11.4
100%
ItalyRome3.5
100%
GreeceAthens3.5
99%
SpainBarcelona4.9
99%
IrelandDublin1.4
99%
SpainMadrid6.8
99%
GermanyMunich2.3
99%
AustriaVienna2.3
99%
NetherlandsAmsterdam2.5
97%
BulgariaSofia1.5
97%
PolandWarsaw2.4
97%
DenmarkCopenhagen1.8
96%
GermanyHamburg2.9
96%
PortugalLisbon2.5
96%
ItalyMilan6.2
96%
CzechiaPrague1.5
96%
SwedenStockholm2.2
96%
RomaniaBucharest2.2
94%
HungaryBudapest2.7
94%
GermanyFrankfurt3.3
94%
FinlandHelsinki1.5
94%
FranceMarseille1.7
94%
ItalyNaples4.1
94%
PortugalPorto1.6
93%
SpainValencia1.8
93%
FranceLyon2.0
91%
BelgiumAntwerp1.2
89%
GermanyCologne5.0
89%
ItalyTurin1.6
89%
FranceToulouse1.1
80%
GermanyStuttgart2.4
79%
FranceLille1.3
74%
FranceBordeaux1.1
73%
GermanyHanover1.1
73%
GermanyBremen1.0
71%
GermanyThe Ruhr5.7
70%
GermanyNuremburg1.2
69%
PolandKatowice2.3
66%
SpainMalaga1.1
66%
SpainSevilla1.3
56%
GermanyMannheim1.6
51%

Score Distribution

Percentile by Number Answered

Percent of People with Each Score

Your Score History

You have not taken this quiz